000 00616nam a2200193Ia 4500
008 151119s9999||||xx |||||||||||||| ||und||
082 _a823
082 _bGKKV30945
100 _a"जोषी, दिनकर"
245 _aमहाभारतातील पितृवंदना
260 _a--
260 _b--
260 _c2012
600 _a"जोषी, दिनकर"
630 _aमहाभारतातील पितृवंदना
700 _a"जोषी, दिनकर"
730 _aमहाभारतातील पितृवंदना
942 _cBOOK
999 _c1083271
_d1083268